[Event "Brasilia JEBS op"]
[Site "Brasilia"]
[Date "2023.10.28"]
[Round "1"]
[White "Rocha, Joao Gabriel Santos"]
[Black "Macedo, Yan Emanuel Porto"]
[Result "0-1"]
[WhiteElo "1800"]
[BlackElo "1712"]
[PlyCount "120"]
[EventDate "2023.10.28"]
[EventType "swiss"]
[EventRounds "6"]
[EventCountry "BRA"]
[SourceTitle "Mega2024 Update 01"]
[Source "Chessbase"]
[SourceDate "2023.11.12"]
[SourceVersion "1"]
[SourceVersionDate "2023.11.12"]
[SourceQuality "1"]

1. e4 c5 2. d4 cxd4 3. Nf3 e5 4. Bc4 Be7 5. Bd2 d6 6. 0-0 Nf6 7. Re1 0-0 8. c3 dxc3 9. Nxc3 Nc6 10. Nd5 Bg4 11. Qb3 Bxf3 12. Qxf3 Nd4 13. Qd3 Rc8 14. Rac1 Nxd5 15. Bxd5 Qd7 16. Bc3 Bg5 17. Rcd1 Bf6 18. Bxd4 exd4 19. Qb3 b6 20. h3 Rc5 21. Rc1 Rfc8 22. Rxc5 Rxc5 23. a4 Ra5 24. Rc1 Rc5 25. Rc4 Qc7 26. Rb4 Be5 27. g3 Rc1+ 28. Kg2 Rc5 29. Qa3 a5 30. Rb3 Rc2 31. Rf3 Bf6 32. Qb3 Rc1 33. g4 Ra1 34. Qb5 Kf8 35. Qc6 Qxc6 36. Bxc6 Rd1 37. Bb5 Ke7 38. Rb3 Kf8 39. Bc6 Bd8 40. Bb5 Bf6 41. Kf3 Rd2 42. Bc6 Bh4 43. g5 Bxg5 44. Rxb6 d3 45. Rb8+ Ke7 46. Rb3 Rc2 47. Bb5 d2 48. Be2 Rc5 49. Bd1 Ke6 50. Ke2 Rc4 51. f3 h6 52. Ra3 Rb4 53. b3 Ke5 54. Ra1 d5 55. Bc2 dxe4 56. fxe4 Rb6 57. Rf1 Rf6 58. Rg1 Rc6 59. Kd3 Kf6 60. Rf1+ Kg6 0-1

[Event "Manaus op 2nd"]
[Site "Manaus"]
[Date "2023.10.15"]
[Round "7"]
[White "Macedo, Yan Emanuel Porto"]
[Black "Naief Moreira, Cleber"]
[Result "1-0"]
[WhiteElo "1712"]
[BlackElo "2016"]
[PlyCount "53"]
[EventDate "2023.10.11"]
[EventType "swiss"]
[EventRounds "9"]
[EventCountry "BRA"]
[SourceTitle "Mega2024 Update 01"]
[Source "Chessbase"]
[SourceDate "2023.11.12"]
[SourceVersion "1"]
[SourceVersionDate "2023.11.12"]
[SourceQuality "1"]

1. e4 d6 2. d4 Nf6 3. Nc3 g6 4. f4 Bg7 5. Nf3 0-0 6. Be3 b6 7. Bd3 Bb7 8. 0-0 c5 9. d5 e6 10. Bc4 exd5 11. exd5 Re8 12. Re1 a6 13. a4 Nbd7 14. h3 Ne4 15. Nxe4 Rxe4 16. Qd3 Nf6 17. Bd2 Re7 18. f5 Qd7 19. Rxe7 Qxe7 20. fxg6 hxg6 21. Re1 Qd7 22. Qb3 Qf5 23. g4 Nxg4 24. hxg4 Qxg4+ 25. Kf2 Bxb2 26. Qxb2 Qxc4 27. Bh6 1-0

[Event "Manaus op 2nd"]
[Site "Manaus"]
[Date "2023.10.14"]
[Round "6"]
[White "Sunye Neto, Jaime"]
[Black "Macedo, Yan Emanuel Porto"]
[Result "1-0"]
[WhiteElo "2401"]
[BlackElo "1712"]
[PlyCount "53"]
[EventDate "2023.10.11"]
[EventType "swiss"]
[EventRounds "9"]
[EventCountry "BRA"]
[SourceTitle "Mega2024 Update 01"]
[Source "Chessbase"]
[SourceDate "2023.11.12"]
[SourceVersion "1"]
[SourceVersionDate "2023.11.12"]
[SourceQuality "1"]

1. c4 Nf6 2. Nc3 g6 3. e4 d6 4. d4 Bg7 5. Be2 Nbd7 6. Nf3 e5 7. 0-0 0-0 8. Re1 h6 9. Bf1 Re8 10. Rb1 exd4 11. Nxd4 Nc5 12. f3 Ne6 13. Be3 c6 14. Nb3 Nc7 15. Qd2 Kh7 16. Rbd1 Bf8 17. Bf4 Re7 18. Bxd6 Rd7 19. e5 Bxd6 20. exd6 Nce8 21. c5 b6 22. Ne4 Nxe4 23. fxe4 bxc5 24. e5 Qb6 25. Qf2 Ng7 26. Nxc5 Rd8 27. d7 1-0

[Event "Manaus op 2nd"]
[Site "Manaus"]
[Date "2023.10.13"]
[Round "4"]
[White "Gordiano, Gerson Fujimoto"]
[Black "Macedo, Yan Emanuel Porto"]
[Result "0-1"]
[WhiteElo "1800"]
[BlackElo "1712"]
[PlyCount "52"]
[EventDate "2023.10.11"]
[EventType "swiss"]
[EventRounds "9"]
[EventCountry "BRA"]
[SourceTitle "Mega2024 Update 01"]
[Source "Chessbase"]
[SourceDate "2023.11.12"]
[SourceVersion "1"]
[SourceVersionDate "2023.11.12"]
[SourceQuality "1"]

1. e4 c5 2. Nf3 d6 3. d4 cxd4 4. Nxd4 Nf6 5. Nc3 a6 6. f3 e5 7. Nb3 Be7 8. Be3 Be6 9. Qd2 Nbd7 10. g4 Rc8 11. h4 b5 12. 0-0-0 Nb6 13. h5 h6 14. g5 hxg5 15. Bxg5 b4 16. Nd5 Bxd5 17. exd5 a5 18. Nxa5 Nbxd5 19. Bb5+ Kf8 20. Nb7 Qb6 21. Bxf6 Nxf6 22. Nxd6 Rd8 23. Qxb4 Bxd6 24. Qb3 Ke7 25. a4 Ne8 26. f4 Nc7 0-1

[Event "Boa vista Bergmann Memorial"]
[Site "Boa Vista"]
[Date "2023.04.08"]
[Round "4"]
[White "Barreto, Helder Girao"]
[Black "Macedo, Yan Emanuel Porto"]
[Result "0-1"]
[WhiteElo "1807"]
[BlackElo "1711"]
[PlyCount "40"]
[EventDate "2023.04.07"]
[EventType "swiss"]
[EventRounds "5"]
[EventCountry "BRA"]
[SourceTitle "EXT 2024"]
[Source "ChessBase"]
[SourceDate "2023.10.10"]
[SourceVersion "1"]
[SourceVersionDate "2023.10.10"]
[SourceQuality "1"]

1. c4 Nf6 2. e3 g6 3. Nf3 Bg7 4. d4 0-0 5. Be2 d6 6. 0-0 Nbd7 7. Nc3 e5 8. Qc2 Re8 9. dxe5 Nxe5 10. b3 Bf5 11. Qd2 Ne4 12. Nxe4 Nxf3+ 13. Bxf3 Bxa1 14. Ng3 Rb8 15. Nxf5 gxf5 16. Qd3 Qf6 17. Bd2 Be5 18. e4 fxe4 19. Bxe4 Bxh2+ 20. Kxh2 Qh4+ 0-1

[Event "Boa vista Bergmann Memorial"]
[Site "Boa Vista"]
[Date "2023.04.08"]
[Round "3"]
[White "Macedo, Yan Emanuel Porto"]
[Black "Lima, Endson dos Santos"]
[Result "0-1"]
[WhiteElo "1711"]
[BlackElo "2107"]
[PlyCount "50"]
[EventDate "2023.04.07"]
[EventType "swiss"]
[EventRounds "5"]
[EventCountry "BRA"]
[SourceTitle "EXT 2024"]
[Source "ChessBase"]
[SourceDate "2023.10.10"]
[SourceVersion "1"]
[SourceVersionDate "2023.10.10"]
[SourceQuality "1"]

1. e4 c5 2. Nf3 e6 3. c3 d5 4. e5 Nc6 5. d4 Nge7 6. Be2 cxd4 7. cxd4 Nf5 8. b3 Bb4+ 9. Kf1 Qb6 10. Bb2 0-0 11. a3 Be7 12. Bd3 f6 13. g4 fxe5 14. dxe5 Nh4 15. Qe2 Bd7 16. Nbd2 Rf7 17. Qe3 Qxe3 18. fxe3 Nxf3 19. Nxf3 Rxf3+ 20. Ke2 Raf8 21. Raf1 Rxf1 22. Rxf1 Rxf1 23. Kxf1 Bd8 24. Kg2 Bc7 25. Bb5 a6 0-1